| 000 | 00536 a2200205 4500 | ||
|---|---|---|---|
| 005 | 20260407121805.0 | ||
| 008 | 260407b |||||||| |||| 00| 0 eng d | ||
| 020 |
_a9789384533960 _cRs. 3495.00 |
||
| 040 | _aMAIN | ||
| 082 |
_a572.86 _bK423G |
||
| 100 | _aKenyes, Herry | ||
| 245 | _aGenomics and proteomics: Functional and computational aspects | ||
| 260 |
_bAmiga Press _c2026 _aDelhi |
||
| 300 | _aviii, 241 | ||
| 650 | _aGenetics | ||
| 650 | _aBiology | ||
| 650 | _aMolecular Biology | ||
| 650 | _aGenomics | ||
| 942 | _cBK | ||
| 999 |
_c396771 _d396771 |
||